EEZ of Oceania - Map Quiz - Statistics

General Stats
  • This quiz has been taken 121 times
  • The average score is 14 of 19
Answers on the Map
Answers color-coded by a green-red scale on the quiz's map according to % correct below.
 
Answer Stats
Answer % Correct
Australia
94%
New Zealand
93%
France
86%
Papua New Guinea
85%
United States of America
80%
Nauru
79%
Palau
79%
United Kingdom
79%
Chile
77%
Federate States of Micronesia
77%
Solomon Islands
77%
Marshall Islands
76%
Kiribati
75%
Japan
73%
Vanuatu
72%
Fiji
63%
Samoa
61%
Tonga
61%
Tuvalu
61%
No matching quizzes found
Score Distribution
Percent of People with Each Score
Percentile by Number Answered
Your Score History
You have not taken this quiz